[Event "Motor City Open"]
[Site "Warren, MI"]
[Date "2001.11.24"]
[Round "3"]
[White "Steen, Harold"]
[Black "Montgomery, Deaundray"]
[Result "1-0"]
[WhiteElo "1605"]
[BlackElo "1176"]
[PlyCount "100"]
[EventDate "2001.11.23"]

1. d4 Nf6 2. e3 d5 3. Nf3 e6 4. Bd3 c5 5. b3 cxd4 6. exd4 Nc6 7. Nbd2 Bd6 8.
Bb2 O-O 9. Ne5 Nb4 10. Be2 Ne4 11. a3 Nc6 12. O-O Ne7 13. Bd3 Nxd2 14. Qxd2 f6
15. Nf3 Qc7 16. c4 Bd7 17. Rac1 Bf4 18. Qe2 Bxc1 19. Rxc1 Qf4 20. Re1 Rae8 21.
Bc1 Qg4 22. Qc2 Ng6 23. h3 Qh5 24. Kh2 f5 25. Be2 dxc4 26. Ne5 Qh4 27. Nxd7
cxb3 28. Qd2 Rf7 29. Nc5 f4 30. Bc4 Rfe7 31. Bxb3 Qf6 32. Bb2 Nh4 33. f3 Qg5
34. Qf2 Kh8 35. Re5 Qh6 36. Ne4 Nf5 37. Bc3 g5 38. d5 Ng7 39. Rxg5 exd5 40.
Rxg7 Rxg7 41. Bxg7+ Qxg7 42. Nc5 d4 43. Ne4 d3 44. Qd2 Qd4 45. Qxf4 d2 46. Bd1
b5 47. Qh6 a5 48. Nf6 Qd6+ 49. g3 Qe6 50. Nxe8 Qxe8 1-0

[Event "Motor City Open"]
[Site "Warren, MI"]
[Date "2001.11.24"]
[Round "5"]
[White "Rucker, Ed"]
[Black "Morrison, Michael"]
[Result "0-1"]
[WhiteElo "1116"]
[BlackElo "907"]
[PlyCount "102"]
[EventDate "2001.11.23"]

1. d4 d5 2. c4 Nf6 3. e3 c6 4. Nc3 Bf5 5. Nf3 dxc4 6. Bxc4 e6 7. O-O Bg4 8. h3
Bxf3 9. Qxf3 Bd6 10. Re1 Bb4 11. a3 Bxc3 12. bxc3 Nbd7 13. e4 O-O 14. Bg5 Qa5
15. Bxf6 Nxf6 16. e5 Nd5 17. Bxd5 cxd5 18. Qd3 Rac8 19. Rec1 Rc4 20. Rc2 Rfc8
21. Rac1 Qxa3 22. f4 Qb3 23. g4 b5 24. Ra1 Ra4 25. Rxa4 Qxa4 26. Kh2 Qc4 27.
Qxc4 Rxc4 28. Ra2 Ra4 29. Rb2 a6 30. Kg3 Ra3 31. Rc2 b4 32. Kh4 Rxc3 33. Ra2
Ra3 34. Rc2 h6 35. Rc8+ Kh7 36. Rc7 Ra5 37. g5 Kg6 38. Kg3 hxg5 39. fxg5 Kxg5
40. h4+ Kg6 41. Kg4 f5+ 42. Kf4 b3 43. Rc1 b2 44. Rg1+ Kh6 45. h5 Kxh5 46. Rxg7
Kh6 47. Rg3 b1=Q 48. Rh3+ Kg7 49. Rg3+ Kf7 50. Kg5 Qc1+ 51. Kh4 Qh6# 0-1

[Event "Motor City Open"]
[Site "Warren, MI"]
[Date "2001.11.24"]
[Round "4"]
[White "Rogers, Bradley"]
[Black "Cox, Nick"]
[Result "1-0"]
[WhiteElo "2032"]
[BlackElo "1441"]
[PlyCount "153"]
[EventDate "2001.11.23"]

1. d4 Nf6 2. c4 e5 3. d5 Bc5 4. Nc3 O-O 5. e4 d6 6. Be2 Nbd7 7. Nf3 Nb6 8. O-O
Bg4 9. Nd2 Bxe2 10. Qxe2 Qd7 11. h3 c6 12. a3 a5 13. Kh1 cxd5 14. cxd5 Rac8 15.
Nb3 a4 16. Nxc5 Rxc5 17. Be3 Nbxd5 18. Bxc5 Nxc3 19. bxc3 dxc5 20. Rab1 Qc6 21.
Rfe1 Rd8 22. Rb2 Rb8 23. Kh2 h6 24. g3 b5 25. f3 Rb6 26. Reb1 c4 27. Qd2 Rb8
28. Rd1 Qc5 29. Rb4 Ne8 30. Kg2 Nc7 31. Qf2 Qe7 32. Qa7 Re8 33. Qb6 f6 34. Qd6
Kf8 35. Rb2 Rb8 36. Rbd2 Qxd6 37. Rxd6 Ke8 38. Rc6 Rb7 39. f4 exf4 40. gxf4 Ke7
41. Kf3 Ne6 42. h4 Nd8 43. Ra6 Nf7 44. Rd5 Rd7 45. Rxd7+ Kxd7 46. Ra7+ Ke8 47.
Rb7 Nd6 48. Rxg7 Nf7 49. Ke3 Ke7 50. Rg8 Kd6 51. Kd4 Kc6 52. Rf8 Nd6 53. Rxf6
Kd7 54. Rxh6 Ke7 55. Kd5 Ne8 56. Kc5 Nf6 57. Rxf6 Kxf6 58. Kxb5 Ke6 59. Kxc4
Kf6 60. Kd5 Kg6 61. Ke6 Kh5 62. f5 Kxh4 63. f6 Kg4 64. f7 Kf4 65. e5 Ke4 66.
f8=Q Kd3 67. Qf3+ Kc4 68. Qe3 Kb3 69. Qc5 Kb2 70. Qb4+ Kc2 71. Kd5 Kd3 72. e6
Kc2 73. Kd4 Kc1 74. e7 Kc2 75. e8=Q Kc1 76. Kd3 Kd1 77. Qb1# 1-0

[Event "Motor City Open"]
[Site "Warren, MI"]
[Date "2001.11.24"]
[Round "4"]
[White "Robertson, John"]
[Black "Hubbard, Andrew"]
[Result "1/2-1/2"]
[WhiteElo "1538"]
[BlackElo "1713"]
[PlyCount "75"]
[EventDate "2001.11.23"]

1. e4 e6 2. d4 d5 3. Nd2 Nf6 4. e5 Nfd7 5. f4 c5 6. c3 Nc6 7. Ndf3 Be7 8. Bd3
f6 9. Ne2 O-O 10. O-O Rb8 11. g4 b5 12. Qe1 Re8 13. Qg3 b4 14. f5 Nf8 15. exf6
Bxf6 16. g5 exf5 17. gxf6 Qxf6 18. Bg5 Qf7 19. Bf4 Rb7 20. dxc5 bxc3 21. bxc3
Ne6 22. Bd6 Rb2 23. Rfe1 a5 24. Ned4 Ncd8 25. Nxe6 Nxe6 26. Nd4 Rd2 27. Nxe6
Rxe6 28. Bf4 Rxe1+ 29. Rxe1 Rxa2 30. Qg5 Qa7 31. Re7 Qxc5+ 32. Be3 Qxc3 33.
Re8+ Kf7 34. Qe7+ Kg6 35. Qg5+ Kf7 36. Qe7+ Kg6 37. Qg5+ Kf7 38. Qe7+ 1/2-1/2

[Event "Motor City Open"]
[Site "Warren, MI"]
[Date "2001.11.24"]
[Round "4"]
[White "Morrison, Michael"]
[Black "Morrison, William"]
[Result "1-0"]
[WhiteElo "907"]
[BlackElo "842"]
[PlyCount "107"]
[EventDate "2001.11.23"]

1. d4 g6 2. e4 d6 3. c4 Bg7 4. Bg5 h6 5. Be3 Nd7 6. Nc3 e6 7. Nf3 b6 8. g3 Ne7
9. Qd2 Bb7 10. Bg2 f5 11. Ng1 Nf6 12. f3 Qd7 13. d5 exd5 14. exd5 O-O-O 15.
O-O-O Kb8 16. Bd4 c5 17. Be3 Nfg8 18. Nge2 Ba6 19. b3 g5 20. h4 g4 21. f4 Bxc3
22. Nxc3 Nf6 23. Ne2 Rhe8 24. Nc3 Ka8 25. Rhe1 Nh5 26. Bf2 Rb8 27. Qb2 b5 28.
Bf1 Rb6 29. cxb5 Bb7 30. a4 a5 31. bxa6 Bxa6 32. Bxa6 Rxa6 33. b4 Rb8 34. b5
Nf6 35. Qe2 Ra7 36. Qe6 Nfg8 37. Qxd7 Rxd7 38. Re6 Ka7 39. a5 h5 40. Kb2 Re8
41. Kb3 Kb7 42. Kc4 Ra8 43. Ra1 Rc7 44. a6+ Kb8 45. b6 Rd7 46. Nb5 Nc8 47. b7
Nb6+ 48. Kb3 Rxb7 49. Re8+ Nc8 50. Rxc8+ Kxc8 51. axb7+ Kxb7 52. Nxd6+ Kb8 53.
Rxa8+ Kxa8 54. Bxc5 1-0

[Event "Motor City Open"]
[Site "Warren, MI"]
[Date "2001.11.24"]
[Round "5"]
[White "Moroney, Timothy"]
[Black "Rogers, Bradley"]
[Result "0-1"]
[WhiteElo "1528"]
[BlackElo "2032"]
[PlyCount "108"]
[EventDate "2001.11.23"]

1. e4 e6 2. d4 d5 3. Nd2 Nf6 4. e5 Nfd7 5. Bd3 c5 6. c3 Nc6 7. Ne2 Qb6 8. Nf3
cxd4 9. cxd4 f6 10. exf6 Nxf6 11. O-O Bd6 12. Nc3 O-O 13. Be3 Bd7 14. a3 Be8
15. Qb1 Ne7 16. Kh1 h6 17. Ne5 Qd8 18. f4 Rc8 19. Ne2 Ne4 20. Bxe4 dxe4 21.
Qxe4 Nf5 22. Rac1 Bb5 23. Rxc8 Qxc8 24. Rc1 Qe8 25. Nc3 Ba6 26. d5 b6 27. dxe6
Qxe6 28. Bg1 Rc8 29. Qa4 Bb7 30. Qxa7 Rc7 31. Qxb6 Nh4 32. Rc2 Qf5 33. Rd2 Bxe5
34. fxe5 Qxe5 35. Qd4 Qg5 36. Qd8+ Qxd8 37. Rxd8+ Kh7 38. Rd2 Rd7 39. Rc2 Nxg2
40. Bc5 Ne1+ 41. Kg1 Nxc2 42. Kf2 Rc7 43. Bd6 Rc6 44. Be7 Re6 45. Bc5 Ba6 46.
a4 Ne1 47. Ba3 Nd3+ 48. Kf3 Rb6 49. Nd1 Rb3 50. Ke4 g5 51. Kf5 Kg7 52. h4 gxh4
53. Kg4 h3 54. Kxh3 Nxb2+ 0-1

[Event "Motor City Open"]
[Site "Warren, MI"]
[Date "2001.11.24"]
[Round "4"]
[White "Mazuchowski, Tom"]
[Black "Novikov, Igor"]
[Result "0-1"]
[WhiteElo "2023"]
[BlackElo "2681"]
[PlyCount "62"]
[EventDate "2001.11.23"]

1. e4 c5 2. Nc3 d6 3. Nge2 a6 4. d4 cxd4 5. Nxd4 Nf6 6. Bg5 e6 7. f4 Qb6 8. Qd2
Qxb2 9. Rb1 Qa3 10. f5 Nc6 11. fxe6 fxe6 12. Nxc6 bxc6 13. Be2 Be7 14. O-O Qa5
15. Be3 c5 16. e5 dxe5 17. Bf3 Ra7 18. Bc6+ Kf7 19. Rb3 Rc7 20. Bf3 c4 21. Rbb1
Rd8 22. Qe1 Bb4 23. Bh5+ Kg8 24. Rxb4 Qxb4 25. Bf3 Bb7 26. Bxb7 Rxb7 27. Bd2
Rbd7 28. Rf2 Ng4 29. Re2 Rxd2 30. Rxd2 Qc5+ 31. Kh1 Rxd2 0-1

[Event "Motor City Open"]
[Site "Warren, MI"]
[Date "2001.11.24"]
[Round "4"]
[White "Kahn, Aaron"]
[Black "Fick II, Douglas"]
[Result "1-0"]
[WhiteElo "1705"]
[BlackElo "1064"]
[PlyCount "72"]
[EventDate "2001.11.23"]

1. e4 e5 2. Nf3 Nc6 3. Bc4 Bc5 4. c3 d6 5. O-O Nf6 6. Re1 O-O 7. h3 Be6 8. Bb3
Re8 9. Bc2 d5 10. d4 dxe4 11. dxc5 Qxd1 12. Bxd1 exf3 13. Bxf3 Bd7 14. Na3 a6
15. Bg5 e4 16. Be2 Nd5 17. Bc4 Nf6 18. Bxf6 gxf6 19. Rad1 Rad8 20. b4 f5 21.
Nc2 Be6 22. Bxe6 fxe6 23. Nd4 Kf7 24. Nxc6 bxc6 25. Kf1 Rd5 26. c4 Rdd8 27. Ke2
e5 28. f3 exf3+ 29. Kxf3 Kf6 30. a4 Kg5 31. Rxd8 e4+ 32. Ke3 Rxd8 33. b5 f4+
34. Kf2 Rd4 35. b6 cxb6 36. cxb6 Rxc4 {This doesn't look like a win for white,
but its reported that way.} 1-0

[Event "Motor City Open"]
[Site "Warren, MI"]
[Date "2001.11.24"]
[Round "5"]
[White "Hubbard, Andrew"]
[Black "Gurariy, Vladimir"]
[Result "0-1"]
[WhiteElo "1713"]
[BlackElo "2140"]
[PlyCount "28"]
[EventDate "2001.11.23"]

1. d4 Nf6 2. c4 e6 3. Nc3 Bb4 4. Bg5 d5 5. cxd5 exd5 6. e3 Bf5 7. Qb3 Bxc3+ 8.
bxc3 Nbd7 9. Qxb7 O-O 10. Bf4 c5 11. Bd6 Qa5 12. Rc1 Ne4 13. Bxf8 Qxa2 14. Be2
Qd2+ 0-1

[Event "Motor City Open"]
[Site "Warren, MI"]
[Date "2001.11.24"]
[Round "4"]
[White "Herreshoff, Matt"]
[Black "Haidukewych, Dan"]
[Result "1/2-1/2"]
[WhiteElo "1732"]
[BlackElo "1646"]
[PlyCount "81"]
[EventDate "2001.11.23"]

1. c4 c5 2. g3 g6 3. Bg2 Bg7 4. Nc3 e6 5. d3 Nc6 6. Nh3 Nf6 7. Nf4 a6 8. O-O
Qc7 9. a3 b6 10. Rb1 Rb8 11. b4 Nh5 12. Ne4 Nxf4 13. Bxf4 e5 14. Bg5 f5 15.
Nf6+ Bxf6 16. Bxf6 Rf8 17. Bg7 Rf7 18. Bh6 Ne7 19. bxc5 bxc5 20. Qa4 Rb6 21.
Qa5 Rc6 22. Qc3 Re6 23. Rb3 Ng8 24. Be3 f4 25. Bd2 Ne7 26. gxf4 exf4 27. Bf3 h5
28. Rfb1 Re5 29. Kh1 Nc6 30. Rb6 Qd6 31. Rg1 Qc7 32. Rxg6 Qxb6 33. Qxe5+ Nxe5
34. Rxb6 Nxf3 35. exf3 Ke7 36. Rb8 Rf8 37. Bxf4 Rxf4 38. Rxc8 Rxf3 39. Rxc5
Rxd3 40. Rxh5 Rc3 41. c5 {... and continued for another 6 moves} 1/2-1/2

[Event "Motor City Open"]
[Site "Warren, MI"]
[Date "2001.11.24"]
[Round "4"]
[White "Goetz, Robert"]
[Black "Brothers, Alex"]
[Result "1-0"]
[WhiteElo "1369"]
[BlackElo "751"]
[PlyCount "71"]
[EventDate "2001.11.23"]

1. d4 Nf6 2. c4 d5 3. cxd5 Nxd5 4. e4 Nb6 5. Be3 e5 6. Nc3 Nc6 7. Bb5 Bd7 8. d5
Nb4 9. Bxd7+ Nxd7 10. a3 Na6 11. b4 Be7 12. Qg4 Bf6 13. Nge2 b6 14. O-O Qe7 15.
Rac1 h5 16. Qh3 g6 17. Nb5 O-O 18. Nxc7 Nxc7 19. Rxc7 Rfc8 20. Rxd7 Qe8 21. Rc1
Rd8 22. Rxd8 Bxd8 23. Rc6 Be7 24. Qg3 Qxc6 25. Qxe5 Bf6 26. Qf4 g5 27. Qf5 Qc2
28. Ng3 h4 29. Qxf6 Rc8 30. Bd4 Qc1+ 31. Nf1 Kf8 32. d6 Qxf1+ 33. Kxf1 Rc1+ 34.
Ke2 Rc2+ 35. Kd3 Rc1 36. Qh8# 1-0

[Event "Motor City Open"]
[Site "Warren, MI"]
[Date "2001.11.24"]
[Round "5"]
[White "Gabbara, Faris"]
[Black "Dillabough, Tracey"]
[Result "1-0"]
[WhiteElo "2047"]
[BlackElo "1311"]
[PlyCount "62"]
[EventDate "2001.11.23"]

1. d4 Nf6 2. c4 g6 3. Nc3 Bg7 4. e4 d6 5. Be2 O-O 6. Bg5 h6 7. Bh4 Nbd7 8. h3
e5 9. d5 a5 10. b3 g5 11. Bg3 Nc5 12. f3 Nh5 13. Bf2 f5 14. g4 fxe4 15. gxh5
exf3 16. Nxf3 e4 17. Nxe4 Bxa1 18. Bxc5 dxc5 19. Qxa1 Qe7 20. Qe5 Qxe5 21. Nxe5
Bf5 22. Nxc5 Rae8 23. Ned3 Be4 24. Rh2 Bf5 25. Kd2 Rf6 26. Bg4 Bxd3 27. Nxd3
Re4 28. Re2 Rd4 29. Kc3 c5 30. Re6 Rf8 31. Rxh6 Re4 1-0

[Event "Motor City Open"]
[Site "Warren, MI"]
[Date "2001.11.24"]
[Round "5"]
[White "Forte, Joe"]
[Black "Mazuchowski, Tom"]
[Result "0-1"]
[WhiteElo "1846"]
[BlackElo "2023"]
[PlyCount "119"]
[EventDate "2001.11.23"]

1. d4 Nf6 2. c4 g6 3. Nc3 Bg7 4. e4 d6 5. f3 O-O 6. Be3 a6 7. Qd2 Nc6 8. Nge2
Rb8 9. Nc1 e5 10. d5 Ne7 11. g4 c5 12. h4 h5 13. gxh5 Nxh5 14. Bh6 Kh7 15. Bxg7
Kxg7 16. Nd3 Ng8 17. Qh2 Qf6 18. Be2 Nf4 19. O-O-O Nxd3+ 20. Rxd3 Qf4+ 21. Qxf4
exf4 22. Bd1 Nf6 23. Rd2 Rh8 24. Rg2 Nh5 25. Ne2 Bd7 26. Bc2 b5 27. Bd3 b4 28.
b3 a5 29. Bc2 a4 30. Kb2 Ra8 31. Rgg1 Ra7 32. Rd1 Kf6 33. Rdg1 Rha8 34. Ra1
axb3 35. Bxb3 Ba4 36. Nc1 Ke5 37. Rd1 Bxb3 38. Nxb3 Ra3 39. Rg1 Ng3 40. Rg2 Rh8
41. Rh2 Rh5 42. Nd2 g5 43. Nb3 Rxh4 44. Rxh4 gxh4 45. Rd1 Ra8 46. Rd2 h3 47.
Rh2 Rh8 48. Nd2 Kd4 49. Kc2 Ke3 50. e5 dxe5 51. d6 Rd8 52. Rxh3 Rxd6 53. Nb3
Rc6 54. Nd2 Ra6 55. Nb3 Rxa2+ 56. Kd1 Kxf3 57. Nxc5 Kg2 58. Rh7 f3 59. Nd3 f2
60. Rxf7 0-1

[Event "Motor City Open"]
[Site "Warren, MI"]
[Date "2001.11.24"]
[Round "5"]
[White "Fick II, Douglas"]
[Black "Vlacic, Sretko"]
[Result "0-1"]
[WhiteElo "1631"]
[BlackElo "1064"]
[PlyCount "108"]
[EventDate "2001.11.23"]

1. e4 e6 2. d4 d5 3. exd5 exd5 4. Bd3 Bd6 5. Nf3 Bg4 6. O-O Ne7 7. Re1 O-O 8.
Nbd2 Ng6 9. h3 Be6 10. c4 c6 11. cxd5 cxd5 12. Qc2 Nc6 13. Nb3 Rc8 14. Qd1 b6
15. Bg5 Qd7 16. Rc1 h6 17. Bxg6 fxg6 18. Bh4 Bxh3 19. Bg3 Bxg3 20. fxg3 Bg4 21.
Rc3 Qd6 22. Kh2 Rc7 23. Qc1 Bxf3 24. gxf3 Rfc8 25. a3 Ne7 26. Rxc7 Rxc7 27. Qd2
Nf5 28. Rg1 Nh4 29. Qf2 Rf7 30. Nd2 g5 31. Kh3 Qd7+ 32. Kh2 Qd6 33. Kh3 Ng6 34.
Rc1 Qd7+ 35. Kh2 Re7 36. Rc3 h5 37. Re3 Rf7 38. Qg2 Qf5 39. Re2 h4 40. Rf2 Qf6
41. Nb3 hxg3+ 42. Qxg3 Nh4 43. Nd2 Qxd4 44. Qb8+ Rf8 45. Qg3 Rf6 46. b4 Rh6 47.
Kg1 Qe3 48. Kf1 Re6 49. Rh2 Rf6 50. Rf2 Re6 51. Rh2 Qd3+ 52. Kg1 Qd4+ 53. Kf1
Qa1+ 54. Kf2 Qe1# 0-1

[Event "Motor City Open"]
[Site "Warren, MI"]
[Date "2001.11.24"]
[Round "4"]
[White "Dillabough, Tracey"]
[Black "Griffin, Mike"]
[Result "1-0"]
[WhiteElo "1311"]
[BlackElo "1799"]
[PlyCount "45"]
[EventDate "2001.11.23"]

1. e4 Nf6 2. e5 Nd5 3. d4 d6 4. c4 Nb6 5. Nf3 Bg4 6. Bf4 Nc6 7. d5 Nb4 8. a3
Bxf3 9. gxf3 Na6 10. e6 g6 11. exf7+ Kxf7 12. Qe2 Bg7 13. Bh3 Re8 14. Be6+ Kf8
15. h4 Bf6 16. Bh6+ Bg7 17. Qe3 Nd7 18. Bxg7+ Kxg7 19. h5 Ndc5 20. hxg6 hxg6
21. Qh6+ Kf6 22. Qf4+ Kg7 23. Qf7# 1-0

[Event "Motor City Open"]
[Site "Warren, MI"]
[Date "2001.11.24"]
[Round "4"]
[White "Choudhury, M.D."]
[Black "Steen, Harold"]
[Result "1-0"]
[WhiteElo "2071"]
[BlackElo "1605"]
[PlyCount "39"]
[EventDate "2001.11.23"]

1. e4 c5 2. Nf3 e6 3. d4 cxd4 4. Nxd4 a6 5. Nc3 d6 6. Be3 Be7 7. f4 Qc7 8. Qf3
Nf6 9. Bd3 Nc6 10. O-O Bd7 11. Rae1 b5 12. e5 dxe5 13. fxe5 Nd5 14. Qxf7+ Kd8
15. Nxd5 exd5 16. e6 Nxd4 17. exd7 Nc6 18. Qxg7 Kxd7 19. Bf5+ Kd6 20. Bf4+ 1-0

[Event "Motor City Open"]
[Site "Warren, MI"]
[Date "2001.11.24"]
[Round "4"]
[White "Cendrowski, Chris"]
[Black "Ford, Adam"]
[Result "1-0"]
[WhiteElo "1320"]
[BlackElo "944"]
[PlyCount "39"]
[EventDate "2001.11.23"]

1. e4 e5 2. Nf3 Nc6 3. Bc4 Bc5 4. c3 Nf6 5. d4 exd4 6. cxd4 Bb4+ 7. Bd2 Bxd2+
8. Nbxd2 Qe7 9. O-O O-O 10. e5 Ne8 11. Re1 d6 12. exd6 Qxd6 13. Ne4 Qg6 14.
Neg5 h6 15. Nxf7 Rxf7 16. Rxe8+ Kh7 17. Nh4 Qg5 18. Bxf7 Qxh4 19. Qd3+ g6 20.
Qxg6# 1-0

[Event "Motor City Open"]
[Site "Warren, MI"]
[Date "2001.11.24"]
[Round "4"]
[White "Box, Brent"]
[Black "Krivochenitser, Roman"]
[Result "0-1"]
[WhiteElo "1122"]
[BlackElo "1482"]
[PlyCount "68"]
[EventDate "2001.11.23"]

1. Nf3 d5 2. d4 Nc6 3. c4 Nf6 4. Nc3 Bf5 5. Qb3 Qc8 6. cxd5 Nd8 7. Nd2 e6 8. e4
Bg6 9. dxe6 Nxe6 10. d5 Nc5 11. Qc2 Be7 12. f3 O-O 13. b4 Ncd7 14. a3 Nb6 15.
Bc4 Qd7 16. Qd3 Nh5 17. Nb3 Bd6 18. Ne2 Kh8 19. O-O Rae8 20. Nc5 Qe7 21. Nxb7
Bxh2+ 22. Kxh2 Qe5+ 23. Kg1 Qxa1 24. Nc3 f5 25. Nc5 fxe4 26. fxe4 Rxf1+ 27.
Qxf1 Qxc3 28. Bb5 Rg8 29. Qd1 Ng3 30. Qd2 Qxd2 31. Bxd2 Nxe4 32. Bf4 Nxc5 33.
bxc5 Nxd5 34. Bc4 Nxf4 0-1

[Event "Motor City Open"]
[Site "Warren, MI"]
[Date "2001.11.25"]
[Round "7.19"]
[White "Williams, Marcus"]
[Black "Cox, Nick"]
[Result "1/2-1/2"]
[WhiteElo "824"]
[BlackElo "1411"]
[PlyCount "100"]
[EventDate "2001.11.23"]

1. d4 Nf6 2. e3 g6 3. Nf3 Bg7 4. Bd3 O-O 5. b3 d6 6. Bb2 Nc6 7. Nbd2 Bg4 8. O-O
e5 9. h3 Bxf3 10. Qxf3 Re8 11. dxe5 Nxe5 12. Qxb7 Nxd3 13. cxd3 Qe7 14. Rac1 c5
15. Qxe7 Rxe7 16. Nc4 Rd7 17. f4 d5 18. Nd2 Re8 19. Rxc5 Rxe3 20. Rc8+ Re8 21.
Rxe8+ Nxe8 22. Bxg7 Kxg7 23. b4 Nd6 24. a4 a6 25. Rb1 Rb7 26. g4 f5 27. g5 h6
28. h4 hxg5 29. hxg5 Kf7 30. Kf2 Re7 31. b5 axb5 32. axb5 Rb7 33. Nf3 Rxb5 34.
Rxb5 Nxb5 35. d4 Nc7 36. Ne5+ Kg7 37. Nc6 Ne6 38. Ke3 Kf7 39. Ne5+ Kg7 40. Nd7
Kf7 41. Nc5 Ke7 42. Nd3 Kf7 43. Ne5+ Kg7 44. Nc6 Kf7 45. Na5 Ke7 46. Nb3 Kd6
47. Nc1 Ke7 48. Ne2 Kd7 49. Kd3 Kd6 50. Kc3 Kc6 1/2-1/2

[Event "Motor City Open"]
[Site "Warren, MI"]
[Date "2001.11.25"]
[Round "6.15"]
[White "Stemmler, Daniel"]
[Black "Haidukewych, Dan"]
[Result "0-1"]
[WhiteElo "1598"]
[BlackElo "1646"]
[PlyCount "102"]
[EventDate "2001.11.23"]

1. e4 e5 2. Nf3 Nc6 3. Bb5 d6 4. O-O Nf6 5. Re1 Bg4 6. h3 Bh5 7. c3 a6 8. Ba4
Bxf3 9. Qxf3 Nd7 10. Bxc6 bxc6 11. d4 g6 12. Be3 Bg7 13. Nd2 O-O 14. Nb3 Nb6
15. Qg4 f5 16. exf5 Rxf5 17. dxe5 Bxe5 18. Nd4 Bxd4 19. Bxd4 c5 20. Be3 Qf6 21.
Re2 Rf8 22. a4 a5 23. Bh6 Rb8 24. Rae1 Kf7 25. Re7+ Qxe7 26. Rxe7+ Kxe7 27.
Qe4+ Kd7 28. Be3 d5 29. Qh4 Rh5 30. Qg4+ Kd6 31. Qf4+ Kc6 32. g4 Rxh3 33. Kg2
Rxe3 34. Qxe3 Nc4 35. Qe6+ Nd6 36. Qe2 Nc4 37. b4 axb4 38. cxb4 cxb4 39. Qe6+
Nd6 40. a5 b3 41. a6 b2 42. a7 b1=Q 43. axb8=Q Qxb8 44. Qe7 Qb4 45. f3 Qd2+ 46.
Kg3 h5 47. Qe6 hxg4 48. fxg4 g5 49. Qf5 Qf4+ 50. Qxf4 gxf4+ 51. Kxf4 d4 0-1

[Event "Motor City Open"]
[Site "Warren, MI"]
[Date "2001.11.25"]
[Round "6"]
[White "Morrison, William"]
[Black "Rucker, Ed"]
[Result "1/2-1/2"]
[WhiteElo "842"]
[BlackElo "1116"]
[PlyCount "86"]
[EventDate "2001.11.23"]

1. e4 e6 2. Nf3 d5 3. exd5 exd5 4. Bb5+ c6 5. Ba4 Nf6 6. d4 Bd6 7. Bg5 O-O 8.
O-O Re8 9. Re1 Bg4 10. Nc3 b5 11. Bb3 h6 12. Rxe8+ Qxe8 13. Bxf6 gxf6 14. h3
Bh5 15. g4 Bg6 16. Qd2 Qf8 17. Ne2 Kh7 18. c3 Nd7 19. h4 Qg8 20. Nh2 Bxh2+ 21.
Kxh2 Be4 22. Kg3 Qg7 23. Bc2 Rg8 24. f3 Bxc2 25. Qxc2+ Qg6 26. Qxg6+ fxg6 27.
Kf4 Re8 28. Ng3 Nb6 29. h5 g5+ 30. Kf5 Kg7 31. b3 Re3 32. Rf1 Rxc3 33. Re1
Rxf3+ 34. Ke6 Rxg3 35. Kd6 Kf7 36. Re7+ Kf8 37. Rh7 Re3 38. Rh8+ Kg7 39. Rb8
Kf7 40. Rb7+ Ke8 41. Rb8+ Kf7 42. Rb7+ Ke8 43. Rb8+ Kf7 1/2-1/2

[Event "Motor City Open"]
[Site "Warren, MI"]
[Date "2001.11.25"]
[Round "7.15"]
[White "Montgomery, Deaundray"]
[Black "Stemmler, Daniel"]
[Result "0-1"]
[WhiteElo "1176"]
[BlackElo "1598"]
[PlyCount "44"]
[EventDate "2001.11.23"]

1. d4 d5 2. c4 c6 3. Nc3 e6 4. Nf3 Bb4 5. e3 Nf6 6. a3 Ba5 7. b4 Bc7 8. Bd3 O-O
9. O-O Re8 10. Ne5 Nbd7 11. f4 Nb6 12. c5 Nbd7 13. Qf3 Rf8 14. Qh3 h6 15. Rf3
Nxe5 16. dxe5 Ne8 17. Rg3 Kh8 18. Rg4 d4 19. Rh4 f5 20. exd4 Qxd4+ 21. Kh1 Qxc3
22. Bxf5 Qe1# 0-1

[Event "Motor City Open"]
[Site "Warren, MI"]
[Date "2001.11.25"]
[Round "7"]
[White "Mazuchowski, Tom"]
[Black "Davidovich, Manis"]
[Result "1-0"]
[WhiteElo "2023"]
[BlackElo "2000"]
[PlyCount "65"]
[EventDate "2001.11.23"]

1. e4 c5 2. Nc3 Nc6 3. Nge2 g6 4. d4 cxd4 5. Nxd4 Bg7 6. Nb3 Bxc3+ 7. bxc3 Nf6
8. Bd3 Qc7 9. O-O b6 10. h3 Bb7 11. Bd2 O-O-O 12. Qe2 Kb8 13. a4 d5 14. f3 Ne5
15. a5 h5 16. axb6 axb6 17. Bf4 Rdg8 18. exd5 Nfd7 19. Bb5 g5 20. Bh2 g4 21.
Bxd7 g3 22. Bxg3 Rxg3 23. Bc6 Nxc6 24. dxc6 Bxc6 25. Nd4 Bd7 26. Qe4 Qb7 27.
Qe5+ Qc7 28. Qxh8+ Bc8 29. Nb5 Qc5+ 30. Qd4 Bxh3 31. Rf2 Bxg2 32. Qd8+ Qc8 33.
Ra8+ 1-0

[Event "Motor City Open"]
[Site "Warren, MI"]
[Date "2001.11.25"]
[Round "7"]
[White "Matias, I.C."]
[Black "Rogers, Bradley"]
[Result "1/2-1/2"]
[WhiteElo "1650"]
[BlackElo "2032"]
[PlyCount "104"]
[EventDate "2001.11.23"]

1. d4 Nf6 2. c4 c5 3. d5 b5 4. cxb5 a6 5. e3 g6 6. Nc3 Bg7 7. Nf3 O-O 8. Be2
axb5 9. Bxb5 d6 10. O-O Ba6 11. Bxa6 Nxa6 12. e4 Qb6 13. Qe2 Nd7 14. Be3 Rfb8
15. Rab1 Ne5 16. Nd2 h5 17. h3 Nb4 18. f4 Nd7 19. Nc4 Qc7 20. a3 Na6 21. Rbd1
Nb6 22. Rd2 Nxc4 23. Qxc4 Qd7 24. Rfd1 Nc7 25. e5 Rb7 26. Ne4 Rab8 27. Ng5 Rxb2
28. Rxb2 Rxb2 29. Nxf7 Qb5 30. Qxb5 Nxb5 31. exd6 exd6 32. Nxd6 Nxd6 33. Bxc5
Bf8 34. Rd3 Rb5 35. Bb4 Kf7 36. g4 Be7 37. Kg2 Rb6 38. Kf3 h4 39. Re3 Nc8 40.
Be1 Rd6 41. g5 Rxd5 42. Bxh4 Nd6 43. Be1 Nc4 44. Rc3 Nxa3 45. Kg4 Nb5 46. Rb3
Rf5 47. h4 Nd4 48. Rd3 Ne6 49. Rf3 Bc5 50. h5 Nd4 51. hxg6+ Kxg6 52. Rd3 Ne2
1/2-1/2

[Event "Motor City Open"]
[Site "Warren, MI"]
[Date "2001.11.25"]
[Round "6.21"]
[White "Loo, James"]
[Black "Franke, Rudolf"]
[Result "0-1"]
[WhiteElo "1490"]
[BlackElo "1700"]
[PlyCount "40"]
[EventDate "2001.11.23"]

1. c4 c5 2. Nc3 Nc6 3. d3 g6 4. e4 Bg7 5. f4 d6 6. h3 e6 7. Nf3 Nge7 8. Be3 b6
9. Qa4 Bd7 10. Qa3 d5 11. Nb5 O-O 12. e5 Nf5 13. Bf2 a6 14. Nd6 Nxd6 15. exd6
Qb8 16. Be2 Qxd6 17. g3 Rfe8 18. d4 Qb8 19. dxc5 bxc5 20. Rb1 Qb4+ {(remaining
scoresheet illegible, Black wins in 20+ more moves)} 0-1

[Event "Motor City Open"]
[Site "Warren, MI"]
[Date "2001.11.25"]
[Round "6.20"]
[White "LaButte, Jeff"]
[Black "Smeckert, Dennis"]
[Result "1-0"]
[WhiteElo "1555"]
[BlackElo "1284"]
[PlyCount "113"]
[EventDate "2001.11.23"]

1. e4 g6 2. Nf3 Bg7 3. d4 d6 4. Be3 c6 5. Nc3 Qc7 6. Bc4 a5 7. Ng5 e6 8. O-O b5
9. Bd3 Nd7 10. Qf3 Nb6 11. Nxb5 Qe7 12. Nxd6+ Kd7 13. Ndxf7 h6 14. Nxh8 Bxh8
15. Nf7 Bg7 16. Ne5+ Bxe5 17. dxe5 Na4 18. Rab1 Bb7 19. Rfd1 Kc7 20. Bc4 Rf8
21. Qg3 g5 22. Qg4 Bc8 23. Rd6 Nf6 24. Qf3 Ne8 25. Rd3 Rxf3 26. gxf3 Nc5 27.
Ra3 a4 28. b4 axb3 29. Ra7+ Nb7 30. Rxb3 Kb8 31. Ba6 Qd7 32. Raxb7+ Bxb7 33.
Rxb7+ Qxb7 34. Bxb7 Kxb7 35. f4 Ka6 36. fxg5 hxg5 37. Bxg5 c5 38. c4 Ka5 39. h4
Ng7 40. Be7 Kb4 41. a4 Kxc4 42. a5 Kb5 43. a6 Ne8 44. a7 Nc7 45. h5 c4 46. h6
c3 47. h7 c2 48. Bg5 Kc4 49. h8=Q Kc3 50. Qc8 Kd4 51. Qxc7 Kxe4 52. Qc4+ Kf5
53. Qf4+ Kg6 54. Qf6+ Kh5 55. Bc1 Kg4 56. Qf4+ Kh3 57. Qg3# 1-0

[Event "Motor City Open"]
[Site "Warren, MI"]
[Date "2001.11.25"]
[Round "6.22"]
[White "Krivochenitser, Roman"]
[Black "Fick II, Douglas"]
[Result "0-1"]
[WhiteElo "1482"]
[BlackElo "1064"]
[PlyCount "102"]
[EventDate "2001.11.23"]

1. e4 e5 2. Nf3 Nc6 3. Bc4 Bc5 4. d3 h6 5. c3 Nf6 6. O-O d6 7. h3 O-O 8. Re1
Be6 9. Nbd2 a6 10. Nf1 d5 11. exd5 Bxd5 12. Bxd5 Qxd5 13. Be3 Ba7 14. Bxa7 Rxa7
15. Qc2 Re8 16. Ne3 Qe6 17. Nc4 e4 18. Ncd2 exd3 19. Qxd3 Qc8 20. Rxe8+ Qxe8
21. Re1 Qf8 22. Ne4 Nxe4 23. Rxe4 Ra8 24. Rh4 Rd8 25. Qc2 Qe7 26. Qe4 Qxe4 27.
Rxe4 Rd1+ 28. Re1 Rxe1+ 29. Nxe1 Kf8 30. Kf1 Ke7 31. Ke2 Ke6 32. Ke3 Ne5 33.
Kd4 b6 34. b3 c5+ 35. Ke3 Ng6 36. Nd3 Ne5 37. Nf4+ Kd6 38. Ke4 c4 39. Nd5 cxb3
40. axb3 f5+ 41. Kxf5 Kxd5 42. f4 Nd3 43. g3 b5 44. Kg6 Ke4 45. Kxg7 Nxf4 46.
gxf4 Kxf4 47. Kxh6 a5 48. c4 bxc4 49. bxc4 Ke5 50. h4 a4 51. h5 a3 0-1